000 01138nam a2200205 a 4500
008 150915s2004 ||||||||||||||||| || u
050 _aUNZA(05)Z/2004/14A
110 _aUniversity of Zambia (UNZA)
245 1 0 _aZango: journal of contemporary issues
_cBy the University of Zambia (UNZA)
260 _aLusaka:
_bUniversity of Zambia
_c2004
300 _a122p.: ill.
650 _aUNIVERSITY OF ZAMBIA--PERIDICALS
650 _aZAMBIA--ECONOMIC DEVELOPMENT--21ST CENTURY
650 _aZAMBIA - SOCIAL POLICY
650 _aZAMBIA POLITICS AND GOVERNMENT--1991-
995 _aSPECIAL COLLECTIONS
_e2005
_FCBU-MAIN LIBRARY (Kitwe)
_jUNZA(05)Z/2004/14B
_M2
_UAVAILABLE
_WSep 15, 2015
_yB2005
_ZUniversity Collection
995 _aSPECIAL COLLECTIONS
_e2006
_FCBU-MAIN LIBRARY (Kitwe)
_jUNZA(05)Z/2004/14C
_M3
_UAVAILABLE
_WSep 15, 2015
_yB2006
_ZZambiana Collection
995 _aSPECIAL COLLECTIONS
_e2004
_FCBU-MAIN LIBRARY (Kitwe)
_jUNZA(05)Z/2004/14A
_M1
_UAVAILABLE
_WSep 15, 2015
_yB2004
_ZUniversity Collection
995 _aSPECIAL COLLECTIONS
_e2007
_FCBU-MAIN LIBRARY (Kitwe)
_jUNZA(05)Z/2004/14D
_M4
_UAVAILABLE
_WSep 15, 2015
_yB2007
_ZZambiana Collection
999 _c83434
_d83434